书目信息 |
| 题名: |
环保设备原理与设计
|
|
| 作者: | 陈家庆 编著 | |
| 分册: | ||
| 出版信息: | 北京 中国石化出版社 2019.03 |
|
| 页数: | 797页 | |
| 开本: | 26cm | |
| 丛书名: | ||
| 单 册: | ||
| 中图分类: | X505 | |
| 科图分类: | ||
| 主题词: | 环境保护--huan jing bao hu--设备--高等教育--教材 | |
| 电子资源: | ||
| ISBN: | 978-7-5114-5246-7 | |
| 000 | 01236nam0 2200289 450 | |
| 001 | CAL 0120192738747 | |
| 005 | 20230308154100.06 | |
| 010 | @a978-7-5114-5246-7@dCNY88.00 | |
| 100 | @a20190430d2019 em y0chiy0120 ea | |
| 101 | 0 | @achi |
| 102 | @aCN@b110000 | |
| 105 | @aak a 000yy | |
| 106 | @ar | |
| 200 | 1 | @a环保设备原理与设计@Ahuan bao she bei yuan li yu she ji@f陈家庆编著 |
| 205 | @a第3版 | |
| 210 | @a北京@c中国石化出版社@d2019.03 | |
| 215 | @a797页@c图@d26cm | |
| 312 | @a英文题名取自封面 | |
| 320 | @a有书目 (第796-797页) | |
| 330 | @a本书分三篇介绍了水处理设备原理与设计、大气污染控制技术与设备、环境污染控制通用及配套设备, 内容包括不溶态污染物的分离技术与设备、典型的化学/物化法水处理技术与设备、生化法水处理工艺与设备、污泥集运处理技术与设备、尘粒污染物控制技术与设备、气态污染物净化技术与设备、环保过程钢制容器与塔设备的设计、环境污染控制配套设备技术等。 | |
| 333 | @a普通高等教育“十一五”国家级规划教 北京高等教育精品教材 | |
| 510 | 1 | @aPrinciple and design of environmental protection equipment@zeng |
| 606 | 0 | @a环境保护@Ahuan jing bao hu@x设备@x高等教育@j教材 |
| 690 | @aX505@v5 | |
| 701 | 0 | @a陈家庆@Achen jia qing@4编著 |
| 801 | 0 | @aCN@bBJXHXP@c20230308 |
| 905 | @b1403167-70@dX505@e269=3@f4 | |
| 环保设备原理与设计/陈家庆编著.-第3版.-北京:中国石化出版社,2019.03 |
| 797页:图;26cm |
| 使用对象:普通高等教育“十一五”国家级规划教 北京高等教育精品教材 |
| ISBN 978-7-5114-5246-7:CNY88.00 |
| 本书分三篇介绍了水处理设备原理与设计、大气污染控制技术与设备、环境污染控制通用及配套设备, 内容包括不溶态污染物的分离技术与设备、典型的化学/物化法水处理技术与设备、生化法水处理工艺与设备、污泥集运处理技术与设备、尘粒污染物控制技术与设备、气态污染物净化技术与设备、环保过程钢制容器与塔设备的设计、环境污染控制配套设备技术等。 |
| ● |
| 相关链接 |
|
|
|
|
正题名:环保设备原理与设计
索取号:X505/269=3
 
预约/预借
| 序号 | 登录号 | 条形码 | 馆藏地/架位号 | 状态 | 备注 |
| 1 | 1403167 | 214031670 | 第二样本阅览室/ [索取号:X505/269=3] | 在馆 | |
| 2 | 1403168 | 214031689 | 第三借阅区/ [索取号:X505/269=3] | 在馆 | |
| 3 | 1403169 | 214031698 | 第三借阅区/ [索取号:X505/269=3] | 在馆 | |
| 4 | 1403170 | 214031705 | 第三借阅区/ [索取号:X505/269=3] | 在馆 |